Econometrics (Record no. 6898)

MARC details
000 -LEADER
fixed length control field 00500nam a22001937a 4500
003 - CONTROL NUMBER IDENTIFIER
control field OSt
005 - DATE AND TIME OF LATEST TRANSACTION
control field 20210505115619.0
008 - FIXED-LENGTH DATA ELEMENTS--GENERAL INFORMATION
fixed length control field 210505b ||||| |||| 00| 0 eng d
020 ## - INTERNATIONAL STANDARD BOOK NUMBER
International Standard Book Number 47195960x
040 ## - CATALOGING SOURCE
Transcribing agency MUST
082 ## - DEWEY DECIMAL CLASSIFICATION NUMBER
Classification number 330.015 WON 1998
245 ## - TITLE STATEMENT
Title Econometrics
250 ## - EDITION STATEMENT
Edition statement 2nd ed.
260 ## - PUBLICATION, DISTRIBUTION, ETC. (IMPRINT)
Place of publication, distribution, etc. New York:
Name of publisher, distributor, etc. John Wiley;
Date of publication, distribution, etc. 1998
300 ## - PHYSICAL DESCRIPTION
Extent ix, 445p. ;
Other physical details ill. ;
Dimensions 24 cm
504 ## - BIBLIOGRAPHY, ETC. NOTE
Bibliography, etc Includes bibliographical references and index.
650 ## - SUBJECT ADDED ENTRY--TOPICAL TERM
Topical term or geographic name as entry element Econometrics.
9 (RLIN) 14148
942 ## - ADDED ENTRY ELEMENTS (KOHA)
Source of classification or shelving scheme Other/Generic Classification Scheme
Koha item type Book
Holdings
Withdrawn status Lost status Source of classification or shelving scheme Damaged status Not for loan Home library Current library Date acquired Source of acquisition Inventory number Total Checkouts Full call number Barcode Date last seen Copy number Price effective from Koha item type Public note
    Other/Generic Classification Scheme     MUST Main Library MUST Main Library 05/05/2021 Purchase 21/41425   330.015 WON 1998 2021-0466 05/05/2021 01 05/05/2021 Book Material in Hard copy
    Dewey Decimal Classification     MUST Main Library MUST Main Library 26/10/2021 Purchase 21/41478   330.015WON 1970 2021-1555 26/10/2021   26/10/2021 Open Shelf